000 00478nam a22001697a 4500
999 _c41273
_d41273
003 OSt
005 20210412143246.0
008 210412b ||||| |||| 00| 0 eng d
020 _a9788182717527
040 _coclc
082 _a297
_bABD/Y
100 _91863
_aAbdurahman, O
245 _aYukthivadikalum Islamum/
_cO Abdurahiman
260 _aKozhikode:
_b Islamic Publishing House
300 _a246 pages
942 _2ddc
_cBK
_h297
_iABD/Y
_k297
_mABD/Y